| 000 | 00554nam a22001937a 4500 | ||
|---|---|---|---|
| 003 | KOHA_MİRAKIL | ||
| 005 | 20251209073702.0 | ||
| 008 | 251209b tu ||||| |||| 00| 0 tur d | ||
| 020 | _a9786059897884 | ||
| 040 |
_aTR-AnABB _btur _cTR-AnABB |
||
| 041 | _atur | ||
| 082 |
_a928.94335 _bKAR 2023 |
||
| 100 | 1 | _aKaragöz, Melih, | |
| 245 | 1 | 0 |
_aBursa’nın yetiştirdiği bir değer Metin Güven / _cMelih Karagöz |
| 260 |
_aBursa : _bNilüfer Belediyesi, _c2023 |
||
| 300 |
_a199 sayfa ; _c23 cm |
||
| 650 | 0 | 4 | _aBiyografi |
| 942 |
_2ddc _cBK |
||
| 999 |
_c9699 _d9699 |
||
| 900 | _bGizem YORULMAZ | ||